000 00219 a2200097 4500
001 58166
100 _a
245 _aElectric circuit analysis
260 _aNJ
_bPrentice Hall Int
_c1992
090 _c35666
_d35666
942 _aNUST-CAE
_cMONOGRAPH
_c28520
999 _c293239
_d293239